000 00352nam a2200133 i 4500
001 bg
100 1 _aPŁASZEWSKI, Tadeusz
245 0 _aCzynniki realizacji w procesie projektowania w budownictwie /
_cTadeusz Płaszewski.
260 _aWarszawa,
_c1976.
040 _cBPK
041 _apol
942 _cKS
008 s pl f |000 0 pol
999 _c27556
_d27556
856 _uhttp://koha.tu.koszalin.pl/cgi-bin/koha/opac-detail.pl?biblionumber=27556
_yKatalog online BPK